[Event "4th EUR-ch"]
[Site "Istanbul TUR"]
[Date "2003.06.12"]
[Round "12.56"]
[White "Spasov, Vasil"]
[Black "Moor, Roger"]
[Result "1-0"]
[WhiteElo "2555"]
[BlackElo "2405"]
[EventDate "2003.05.30"]
[PlyCount "41"]

1.e4 c5 2.Nf3 e6 3.d4 cxd4 4.Nxd4 a6 5.Nc3 Nc6 6.Nxc6 bxc6 7.Bd3 d6 8.O-O 
Nf6 9.Qe2 Be7 10.e5 Nd5 11.Qg4 dxe5 12.Qxg7 Bf6 13.Qh6 Bb7 14.Ne4 Be7 15.
Qg7 Bf6 16.Nxf6+ Qxf6 17.Bh6 c5 18.Be4 Qxg7 19.Bxg7 Rg8 20.Bxe5 f6 21.Bxf6
1-0

[Event "4th EUR-ch"]
[Site "Istanbul TUR"]
[Date "2003.06.12"]
[Round "12.57"]
[White "Dervishi, Erald"]
[Black "Kempinski, Robert"]
[Result "0-1"]
[WhiteElo "2535"]
[BlackElo "2553"]
[EventDate "2003.05.30"]
[PlyCount "75"]

1.e4 c5 2.Nf3 d6 3.d4 cxd4 4.Nxd4 Nf6 5.Nc3 a6 6.Be2 e6 7.a4 Qc7 8.O-O Be7
9.f4 Nc6 10.Be3 O-O 11.Kh1 Re8 12.Bf3 Na5 13.Bg1 Bf8 14.Qe1 Rb8 15.Rd1 e5 
16.Nde2 b5 17.axb5 axb5 18.b4 Nc6 19.Nd5 Nxd5 20.exd5 e4 21.Bh5 Ne7 22.Nc3
Bf5 23.Be2 Bd7 24.Nxe4 Nxd5 25.Rxd5 Rxe4 26.Qd2 Bc6 27.Rd4 Ree8 28.f5 Be4 
29.Bd3 d5 30.Re1 Qc6 31.Bxe4 Rxe4 32.Rexe4 dxe4 33.h3 g6 34.Rd8 Rxd8 35.
Qxd8 Qd6 36.Qxd6 Bxd6 37.Bc5 Bxc5 38.bxc5 0-1

[Event "4th EUR-ch"]
[Site "Istanbul TUR"]
[Date "2003.06.12"]
[Round "12.58"]
[White "Arizmendi Martinez, Julen Luis"]
[Black "Stevic, Hrvoje"]
[Result "0-1"]
[WhiteElo "2516"]
[BlackElo "2550"]
[EventDate "2003.05.30"]
[PlyCount "76"]

1.e4 c5 2.Nf3 e6 3.d4 cxd4 4.Nxd4 Nf6 5.Nc3 d6 6.Be3 Nc6 7.Qd2 a6 8.O-O-O 
Be7 9.f3 O-O 10.g4 Nd7 11.h4 Nde5 12.Qf2 Bd7 13.Kb1 b5 14.g5 Qc7 15.Qg3 
Nxd4 16.Bxd4 b4 17.f4 bxc3 18.fxe5 cxb2 19.exd6 Bxd6 20.Qc3 Bc6 21.Bxg7 
Bxe4 22.Qxc7 Bxc7 23.Bxf8 Bxh1 24.Bd6 Rd8 25.Bd3 Rxd6 26.Rxh1 Rb6 27.Re1 
a5 28.Re4 Bd6 29.h5 Be7 30.Re5 a4 31.a3 Bxa3 32.Rb5 Rxb5 33.Bxb5 Bb4 34.
Kxb2 a3+ 35.Kb3 Be7 36.Bd3 Kg7 37.c4 h6 38.g6 fxg6 0-1

[Event "4th EUR-ch"]
[Site "Istanbul TUR"]
[Date "2003.06.12"]
[Round "12.59"]
[White "Solak, Dragan"]
[Black "David, Alberto"]
[Result "0-1"]
[WhiteElo "2514"]
[BlackElo "2548"]
[EventDate "2003.05.30"]
[PlyCount "51"]

1.e4 c6 2.c4 d5 3.exd5 Nf6 4.Nc3 cxd5 5.cxd5 Nxd5 6.d4 e6 7.Bd3 Bb4 8.Ne2 
Nc6 9.O-O O-O 10.Bc2 Re8 11.Qd3 g6 12.a3 Be7 13.Bh6 Nxc3 14.bxc3 e5 15.Bb3
Bf5 16.Qd2 Qd7 17.Ng3 exd4 18.Nxf5 Qxf5 19.cxd4 Bf6 20.d5 Nd4 21.Rab1 g5 
22.h4 Ne2+ 23.Kh2 Re4 24.g3 Nd4 25.Qd1 gxh4 26.Bf4 0-1

[Event "4th EUR-ch"]
[Site "Istanbul TUR"]
[Date "2003.06.12"]
[Round "12.60"]
[White "Meijers, Viesturs"]
[Black "Svetuschin, Dumitru"]
[Result "0-1"]
[WhiteElo "2512"]
[BlackElo "2543"]
[EventDate "2003.05.30"]
[PlyCount "49"]

1.e4 g6 2.d4 Bg7 3.Nc3 c6 4.Be3 d6 5.Qd2 b5 6.a3 Nd7 7.Be2 a6 8.h4 h5 9.
Nh3 Ngf6 10.f3 Bb7 11.Ng5 Qc7 12.f4 e5 13.dxe5 dxe5 14.O-O exf4 15.Bxf4 
Ne5 16.Qd4 Nfg4 17.Kh1 Qe7 18.Rad1 O-O 19.Qd6 Qxd6 20.Rxd6 Rac8 21.a4 Rfd8
22.Rxd8+ Rxd8 23.axb5 axb5 24.Nd1 Rd7 25.Ne3 0-1

[Event "4th EUR-ch"]
[Site "Istanbul TUR"]
[Date "2003.06.12"]
[Round "12.62"]
[White "Mastrovasilis, Dimitrios"]
[Black "Efimenko, Zahar"]
[Result "1-0"]
[WhiteElo "2456"]
[BlackElo "2599"]
[EventDate "2003.05.30"]
[PlyCount "82"]

1.e4 c5 2.Nf3 d6 3.d4 cxd4 4.Nxd4 Nf6 5.Nc3 a6 6.Be3 e5 7.Nb3 Be6 8.f3 h5 
9.Qd2 Nbd7 10.O-O-O Rc8 11.Bd3 b5 12.Kb1 Be7 13.h3 h4 14.f4 Qc7 15.Rhe1 
Bc4 16.Qf2 b4 17.Nd5 Nxd5 18.exd5 Bxd3 19.Rxd3 O-O 20.Rc1 a5 21.c4 a4 22.
Nd2 f5 23.g4 hxg3 24.Qxg3 e4 25.Rd4 Nc5 26.Rg1 Bd8 27.Nf1 Nd3 28.h4 Rf6 
29.Nd2 Rh6 30.Qh3 Rh5 31.Rxd3 exd3 32.Bd4 Bxh4 33.Qxd3 Rh7 34.Nf3 Qe7 35.
Nxh4 Qxh4 36.Qe3 Rf8 37.Qe6+ Kh8 38.Qd7 Qh6 39.Qe7 Rg8 40.c5 dxc5 41.Bxc5 
Qxf4 1-0

[Event "4th EUR-ch"]
[Site "Istanbul TUR"]
[Date "2003.06.12"]
[Round "12.65"]
[White "Ruck, Robert"]
[Black "Marcelin, Cyril"]
[Result "1/2-1/2"]
[WhiteElo "2569"]
[BlackElo "2503"]
[EventDate "2003.05.30"]
[PlyCount "30"]

1.Nf3 Nf6 2.g3 d5 3.Bg2 c5 4.O-O Nc6 5.d4 e6 6.c4 dxc4 7.dxc5 Qxd1 8.Rxd1 
Bxc5 9.Nbd2 c3 10.bxc3 Bd7 11.Ng5 Rc8 12.Nde4 Nxe4 13.Bxe4 Nd8 14.a4 h6 
15.Nf3 Bc6 1/2-1/2

[Event "4th EUR-ch"]
[Site "Istanbul TUR"]
[Date "2003.06.12"]
[Round "12.66"]
[White "Nijboer, Friso"]
[Black "Erenburg, Sergey"]
[Result "1-0"]
[WhiteElo "2562"]
[BlackElo "2499"]
[EventDate "2003.05.30"]
[PlyCount "109"]

1.e4 e5 2.Nf3 Nc6 3.Bb5 Nf6 4.O-O Nxe4 5.d4 Nd6 6.Bxc6 dxc6 7.dxe5 Nf5 8.
Qxd8+ Kxd8 9.Nc3 Ke8 10.h3 a5 11.Bf4 Be7 12.Rad1 h6 13.e6 Bxe6 14.Bxc7 Bb4
15.Na4 Bc4 16.Nb6 Bxf1 17.Kxf1 Ke7 18.g4 Rac8 19.Rd7+ Ke8 20.Ne5 Rxc7 21.
Rxc7 Nd6 22.Nd3 Bd2 23.c4 Bg5 24.c5 Ne4 25.f3 Bd8 26.Rxb7 Ng5 27.Ne5 Ne6 
28.Nbc4 Bc7 29.Nd6+ Ke7 30.Nxc6+ Kf6 31.Ne4+ Kg6 32.Ne7+ Kh7 33.Nd5 Be5 
34.Rxf7 Bxb2 35.c6 Rd8 36.c7 Nxc7 37.Nxc7 Rd1+ 38.Ke2 Ra1 39.Rd7 Be5 40.
Ne6 Rxa2+ 41.Rd2 Ra3 42.h4 Rb3 43.Rd5 Rb2+ 44.Kd3 Bh2 45.Rxa5 Rb3+ 46.Kc4 
Re3 47.h5 Kg8 48.Nd4 Re1 49.Ra8+ Kf7 50.Ra7+ Kg8 51.Nf5 Be5 52.Re7 Rc1+ 
53.Kd3 Bb2 54.Re8+ Kh7 55.g5 1-0

[Event "4th EUR-ch"]
[Site "Istanbul TUR"]
[Date "2003.06.12"]
[Round "12.69"]
[White "Dizdarevic, Emir"]
[Black "Jaracz, Pawel"]
[Result "1/2-1/2"]
[WhiteElo "2491"]
[BlackElo "2549"]
[EventDate "2003.05.30"]
[PlyCount "45"]

1.Nf3 Nf6 2.g3 b5 3.Bg2 Bb7 4.b3 e6 5.c4 bxc4 6.bxc4 c5 7.Nc3 Nc6 8.Rb1 
Qc8 9.O-O Rb8 10.d3 Be7 11.Bf4 d6 12.Qa4 O-O 13.Nd2 Nb4 14.Bxb7 Rxb7 15.a3
Nc6 16.Rxb7 Qxb7 17.Rb1 Qd7 18.Qa6 Rb8 19.Rb5 h6 20.Nb3 g5 21.Be3 Qc7 22.
Bd2 Nd7 23.Rxb8+ 1/2-1/2

[Event "4th EUR-ch"]
[Site "Istanbul TUR"]
[Date "2003.06.12"]
[Round "12.70"]
[White "Belov, Vladimir"]
[Black "Sanduleac, Vasile"]
[Result "1/2-1/2"]
[WhiteElo "2549"]
[BlackElo "2492"]
[EventDate "2003.05.30"]
[PlyCount "100"]

1.e4 g6 2.d4 Bg7 3.Nc3 c6 4.Nf3 d5 5.h3 dxe4 6.Nxe4 Bf5 7.Ng3 Be6 8.c4 b5 
9.cxb5 a6 10.bxa6 Nxa6 11.Be2 Nf6 12.O-O O-O 13.Bg5 Qb6 14.Qd2 Rfd8 15.
Rfc1 Nc7 16.a4 Bd5 17.a5 Qb7 18.Bf4 Ne6 19.Be5 Bf8 20.Nf1 Nd7 21.Bg3 Ndc5 
22.dxc5 Bxf3 23.a6 Qa7 24.Qe3 Bxe2 25.Qxe2 Nxc5 26.Ra3 Qb6 27.Rac3 Nb3 28.
Rd1 Nd4 29.Qc4 c5 30.Kh1 Qxb2 31.Rcd3 Qb6 32.Ra1 Bg7 33.Rdd1 Nc6 34.Rab1 
Nb4 35.Rxd8+ Qxd8 36.Qxc5 Nxa6 37.Qc6 Qc8 38.Qe4 e6 39.Bd6 Bf8 40.Rc1 Qe8 
41.Bxf8 Qxf8 42.Ne3 Nc5 43.Qc4 Nd7 44.Qd4 Rc8 45.Rd1 Rc7 46.Ng4 h5 47.Qf4 
e5 48.Nxe5 Nxe5 49.Qxe5 Qe7 50.Qa5 Qe8 1/2-1/2

[Event "4th EUR-ch"]
[Site "Istanbul TUR"]
[Date "2003.06.12"]
[Round "12.71"]
[White "Tratar, Marko"]
[Black "Areschenko, Alexander"]
[Result "1-0"]
[WhiteElo "2464"]
[BlackElo "2546"]
[EventDate "2003.05.30"]
[PlyCount "87"]

1.Nf3 Nf6 2.c4 g6 3.Nc3 d5 4.Qa4+ Bd7 5.Qb3 dxc4 6.Qxc4 Bg7 7.e4 O-O 8.e5 
Ng4 9.d4 Be6 10.d5 Bf5 11.Bf4 Nd7 12.Qe2 f6 13.e6 Nde5 14.Bxe5 fxe5 15.Rd1
e4 16.Ng5 Ne5 17.Qe3 Ng4 18.Qe2 c6 19.h3 Ne5 20.Ngxe4 Bxe4 21.Qxe4 cxd5 
22.Nxd5 Qa5+ 23.b4 Qxa2 24.Be2 Nc6 25.O-O Qb2 26.b5 Nd4 27.Nxe7+ Kh8 28.
Bc4 Rae8 29.Nxg6+ hxg6 30.Qxg6 Re7 31.Bd3 Bf6 32.Qh6+ Kg8 33.Rde1 Rd8 34.
Re3 Bg7 35.Bh7+ Kh8 36.Qh4 Qb4 37.Re4 Qd6 38.Rfe1 Rc8 39.Bg6+ Kg8 40.Qh7+ 
Kf8 41.Bf7 Rec7 42.Qg8+ Ke7 43.Qxg7 Rc4 44.Bh5+ 1-0

[Event "4th EUR-ch"]
[Site "Istanbul TUR"]
[Date "2003.06.12"]
[Round "12.72"]
[White "Bartel, Mateusz"]
[Black "Sturua, Zurab"]
[Result "0-1"]
[WhiteElo "2443"]
[BlackElo "2545"]
[EventDate "2003.05.30"]
[PlyCount "151"]

1.e4 e5 2.Nf3 Nc6 3.Bb5 g6 4.d4 exd4 5.Bg5 Be7 6.Bxe7 Qxe7 7.O-O Qb4 8.
Bxc6 bxc6 9.Qxd4 Qxd4 10.Nxd4 Ne7 11.Re1 f6 12.c4 c5 13.Nb5 Kd8 14.N1c3 a6
15.Na3 d6 16.Rad1 Bd7 17.Nc2 Rf8 18.b4 cxb4 19.Nxb4 Kc8 20.Nd3 Rd8 21.Rb1 
Be6 22.Nd5 Nxd5 23.cxd5 Bd7 24.f3 Rb8 25.Kf2 Rxb1 26.Rxb1 c5 27.dxc6 Bxc6 
28.Nb4 Bb7 29.Nd5 Bxd5 30.exd5 Kc7 31.Rc1+ Kd7 32.Rc6 Ra8 33.a4 a5 34.Rb6 
Rc8 35.Ra6 Rc2+ 36.Ke3 Rxg2 37.Ra7+ Kc8 38.Rxh7 Ra2 39.Rf7 Ra3+ 40.Kf2 f5 
41.Rf6 Kc7 42.Rxg6 Rxa4 43.Rf6 f4 44.h4 Rd4 45.h5 Rxd5 46.h6 Rh5 47.Rf7+ 
Kc6 48.Ke2 Rxh6 49.Rxf4 Rh8 50.Kd3 Ra8 51.Kc3 a4 52.Rc4+ Kb5 53.Rb4+ Kc5 
54.Rc4+ Kd5 55.Rd4+ Ke6 56.Re4+ Kf5 57.Kb2 d5 58.Rb4 a3+ 59.Ka2 Ke5 60.f4+
Kf5 61.Rd4 Ra5 62.Rb4 Kg4 63.Rd4 Kh4 64.Rb4 Kg4 65.Rd4 Kf3 66.f5 Ke3 67.
Rh4 d4 68.Rh3+ Ke4 69.Rh4+ Ke3 70.Rh3+ Ke2 71.Rh2+ Kd3 72.f6 Rf5 73.Kxa3 
Kc3 74.Ka2 d3 75.Rb2 d2 76.Rb3+ 0-1

[Event "4th EUR-ch"]
[Site "Istanbul TUR"]
[Date "2003.06.12"]
[Round "12.73"]
[White "Gershon, Alik"]
[Black "Volkmann, Friedrich"]
[Result "1/2-1/2"]
[WhiteElo "2543"]
[BlackElo "2435"]
[EventDate "2003.05.30"]
[PlyCount "133"]

1.d4 d5 2.c4 c6 3.Nf3 Nf6 4.Nc3 e6 5.Bg5 Nbd7 6.cxd5 exd5 7.e3 Be7 8.Qc2 
Nh5 9.Bxe7 Qxe7 10.O-O-O g6 11.h3 Ndf6 12.g4 Ng7 13.Ne5 Be6 14.Kb1 O-O-O 
15.Na4 Kb8 16.Ka1 Nd7 17.Nd3 h5 18.Rg1 hxg4 19.hxg4 Rh2 20.b4 Ne8 21.Qb3 
Nd6 22.Nc3 Rc8 23.Rc1 Nc4 24.Rc2 g5 25.Ne1 Rh4 26.e4 Rxg4 27.Rxg4 Bxg4 28.
Bxc4 dxc4 29.Qxc4 Be6 30.d5 Ne5 31.Qd4 Qd6 32.Ng2 Bd7 33.Ne3 cxd5 34.Ncxd5
Nc6 35.Qc3 Qe5 36.Qxe5+ Nxe5 37.Rxc8+ Kxc8 38.Kb1 Nd3 39.Nd1 Be6 40.a3 
Bxd5 41.exd5 Kd7 42.Kc2 Nf4 43.Nc3 g4 44.Kb3 f5 45.Kc4 Nh3 46.Kd4 Nxf2 47.
Ke3 Ne4 48.Nb5 g3 49.Kf3 a6 50.Nd4 Kd6 51.Nxf5+ Kxd5 52.a4 b6 53.Ne7+ Kc4 
54.Nc6 Nc3 55.a5 b5 56.Nb8 Kxb4 57.Nxa6+ Kxa5 58.Nc5 Kb6 59.Nb3 Ne4 60.Nd4
b4 61.Kxe4 g2 62.Ne2 Kb5 63.Kd3 Ka4 64.Kc2 Ka3 65.Kb1 Kb3 66.Nd4+ Kc3 67.
Ne2+ 1/2-1/2

[Event "4th EUR-ch"]
[Site "Istanbul TUR"]
[Date "2003.06.12"]
[Round "12.74"]
[White "Banikas, Hristos"]
[Black "Roiz, Michael"]
[Result "1-0"]
[WhiteElo "2542"]
[BlackElo "2529"]
[EventDate "2003.05.30"]
[PlyCount "69"]

1.d4 Nf6 2.c4 e6 3.Nf3 b6 4.a3 Ba6 5.Qc2 Bb7 6.Nc3 c5 7.e4 cxd4 8.Nxd4 Bc5
9.Nb3 Nc6 10.Bf4 O-O 11.Nxc5 bxc5 12.Bd6 Nd4 13.Qd3 Re8 14.e5 Ng4 15.Bxc5 
Nb3 16.Qd1 Qa5 17.Bd6 Nxa1 18.Qxg4 Qb6 19.Nb5 Nc2+ 20.Kd2 Qxf2+ 21.Qe2 Qf5
22.Kc3 Be4 23.Qd2 a5 24.Nc7 Nb4 25.axb4 axb4+ 26.Kb3 Bb1 27.Nxa8 Rxa8 28.
Be2 Qe4 29.Kxb4 Qb7+ 30.Kc3 Be4 31.Bd3 Bxd3 32.Kxd3 f5 33.exf6 Qb3+ 34.Qc3
Qb7 35.Rf1 1-0

[Event "4th EUR-ch"]
[Site "Istanbul TUR"]
[Date "2003.06.12"]
[Round "12.75"]
[White "Kupreichik, Viktor"]
[Black "Bayram, Yakup"]
[Result "1-0"]
[WhiteElo "2484"]
[BlackElo "2296"]
[EventDate "2003.05.30"]
[PlyCount "55"]

1.c4 Nf6 2.Nc3 g6 3.g3 Bg7 4.Bg2 c5 5.Nf3 O-O 6.d4 d5 7.dxc5 dxc4 8.Qa4 
Nd5 9.O-O Na6 10.Qxc4 Nxc3 11.bxc3 Be6 12.Qh4 f6 13.c6 b6 14.Ba3 Bf7 15.
Rad1 Qc7 16.Qa4 Nc5 17.Bxc5 bxc5 18.Rd7 Qc8 19.Rfd1 Be8 20.Ne1 Bxd7 21.
cxd7 Qc7 22.Qc4+ Kh8 23.Bxa8 Rxa8 24.Qe4 Rd8 25.Qxe7 Kg8 26.Ng2 Bf8 27.
Qe6+ Kg7 28.Nf4 1-0

[Event "4th EUR-ch"]
[Site "Istanbul TUR"]
[Date "2003.06.12"]
[Round "12.76"]
[White "Krasenkow, Michal"]
[Black "Zaja, Ivan"]
[Result "1/2-1/2"]
[WhiteElo "2609"]
[BlackElo "2417"]
[EventDate "2003.05.30"]
[PlyCount "64"]

1.d4 Nf6 2.c4 e6 3.Nf3 b6 4.Nc3 Bb4 5.Qb3 a5 6.e3 Bb7 7.Bd3 d6 8.O-O Bxc3 
9.Qxc3 Nbd7 10.Re1 Ne4 11.Bxe4 Bxe4 12.Nd2 Bg6 13.b3 O-O 14.Bb2 Qe7 15.e4 
e5 16.Nf1 a4 17.Rad1 axb3 18.axb3 Ra2 19.f3 exd4 20.Qxd4 f6 21.Ne3 Nc5 22.
Nd5 Qd7 23.Rd2 Bf7 24.Qe3 Bxd5 25.exd5 b5 26.Ree2 bxc4 27.bxc4 c6 28.Qd4 
Qb7 29.Qg4 h5 30.Qg6 Qf7 31.Qf5 Ra7 32.dxc6 Qxc4 1/2-1/2

[Event "4th EUR-ch"]
[Site "Istanbul TUR"]
[Date "2003.06.12"]
[Round "12.78"]
[White "Korneev, Oleg"]
[Black "Bocharov, Dmitry"]
[Result "1-0"]
[WhiteElo "2606"]
[BlackElo "2492"]
[EventDate "2003.05.30"]
[PlyCount "69"]

1.e4 c5 2.Nf3 Nc6 3.d4 cxd4 4.Nxd4 Nf6 5.Nc3 d6 6.Bg5 Qb6 7.Nb3 e6 8.Qd2 
a6 9.O-O-O Be7 10.f3 O-O 11.h4 Rd8 12.Be3 Qc7 13.Qf2 Nd7 14.Kb1 b5 15.g4 
Rb8 16.g5 Nb6 17.h5 Na4 18.Ne2 Ne5 19.Bc1 Nc4 20.Bh3 e5 21.f4 Bxh3 22.Rxh3
Rbc8 23.c3 b4 24.f5 Qb7 25.Qg2 bxc3 26.Nxc3 Nxc3+ 27.Rxc3 a5 28.f6 Bf8 29.
g6 hxg6 30.hxg6 fxg6 31.Rh3 gxf6 32.Qxg6+ Qg7 33.Qf5 Rc7 34.Rdh1 Re8 35.
Rh8+ 1-0

[Event "4th EUR-ch"]
[Site "Istanbul TUR"]
[Date "2003.06.12"]
[Round "12.79"]
[White "Vajda, Levente"]
[Black "Genov, Petar"]
[Result "0-1"]
[WhiteElo "2592"]
[BlackElo "2490"]
[EventDate "2003.05.30"]
[PlyCount "102"]

1.e4 c5 2.Nf3 d6 3.c3 Nf6 4.d3 g6 5.g3 Bg7 6.Bg2 O-O 7.O-O Nc6 8.Nbd2 Bg4 
9.h3 Bxf3 10.Nxf3 Rb8 11.Re1 Nd7 12.a4 a6 13.Nd2 b5 14.f4 Qb6 15.axb5 axb5
16.Kh2 Ra8 17.Rxa8 Rxa8 18.Qf3 Ra6 19.Rf1 Qc7 20.e5 dxe5 21.f5 Nd8 22.Ne4 
c4 23.dxc4 bxc4 24.Rd1 Nf6 25.Bg5 Nxe4 26.Qxe4 gxf5 27.Qxf5 Ne6 28.Be3 Nf8
29.Qe4 Bh6 30.Bg1 Ra2 31.Qb1 Ra5 32.b4 cxb3 33.Qxb3 Ra6 34.c4 Rd6 35.c5 
Rxd1 36.Qxd1 Ne6 37.c6 e4 38.Bxe4 Qe5 39.Qg4+ Bg7 40.Bg2 h5 41.Qc4 Qd6 42.
Be3 Be5 43.Qh4 Qd3 44.Bb6 Kf8 45.Bf2 Qe2 46.Kg1 Qd1+ 47.Kh2 Qe2 48.Bg1 Qe1
49.Bf3 Nf4 50.c7 Bxc7 51.Qg5 Qxg1+ 0-1

[Event "4th EUR-ch"]
[Site "Istanbul TUR"]
[Date "2003.06.12"]
[Round "12.81"]
[White "Wells, Peter"]
[Black "Bischoff, Klaus"]
[Result "1/2-1/2"]
[WhiteElo "2487"]
[BlackElo "2564"]
[EventDate "2003.05.30"]
[PlyCount "24"]

1.d4 e6 2.c4 b6 3.Nf3 Bb7 4.g3 Bb4+ 5.Bd2 Bxf3 6.exf3 Bxd2+ 7.Qxd2 Ne7 8.
Nc3 d5 9.cxd5 Nxd5 10.Bg2 c6 11.f4 O-O 12.f5 g6 1/2-1/2

[Event "4th EUR-ch"]
[Site "Istanbul TUR"]
[Date "2003.06.12"]
[Round "12.82"]
[White "Romero Holmes, Alfonso"]
[Black "Atakisi, Umut"]
[Result "1-0"]
[WhiteElo "2560"]
[BlackElo "2303"]
[EventDate "2003.05.30"]
[PlyCount "57"]

1.c4 Nf6 2.Nc3 c5 3.e4 Nc6 4.g3 g6 5.Bg2 Bg7 6.Nge2 d6 7.d3 a6 8.O-O Rb8 
9.a4 O-O 10.h3 Ne8 11.Be3 Nd4 12.Rb1 Nc7 13.b4 b5 14.axb5 axb5 15.bxc5 
dxc5 16.Nxb5 Ncxb5 17.cxb5 Bd7 18.Nc3 Nxb5 19.Na4 Ra8 20.Bxc5 Qa5 21.Nb6 
Nc3 22.Bb4 Nxd1 23.Bxa5 Rxa5 24.Rfxd1 Be6 25.d4 Ba2 26.Ra1 Rd8 27.Nd5 e6 
28.Ne7+ Kf8 29.Nc6 1-0

[Event "4th EUR-ch"]
[Site "Istanbul TUR"]
[Date "2003.06.12"]
[Round "12.83"]
[White "Shomoev, Anton"]
[Black "Rotsagov, Mihhail"]
[Result "1/2-1/2"]
[WhiteElo "2558"]
[BlackElo "2487"]
[EventDate "2003.05.30"]
[PlyCount "109"]

1.e4 e5 2.Nf3 Nf6 3.Nxe5 d6 4.Nf3 Nxe4 5.d4 d5 6.Bd3 Nc6 7.O-O Be7 8.c4 
Nb4 9.Be2 O-O 10.Nc3 Bf5 11.a3 Nxc3 12.bxc3 Nc6 13.Re1 Re8 14.cxd5 Qxd5 
15.Bf4 Bd6 16.c4 Qe4 17.Be3 Rad8 18.Ra2 Bg6 19.Qc1 b6 20.Rd2 Be7 21.Bd3 
Qg4 22.h3 Qc8 23.Bxg6 hxg6 24.d5 Na5 25.Rde2 Bf8 26.Rc2 c6 27.Rd1 Qa8 28.
Bg5 f6 29.Bd2 Nb3 30.Qb2 Nc5 31.Be3 Kh7 32.Rcd2 Ne4 33.Rd3 Qc8 34.a4 Bc5 
35.Bxc5 Nxc5 36.Rd4 cxd5 37.cxd5 Rd6 38.a5 Qf5 39.axb6 axb6 40.Nh4 Qe5 41.
Qc2 f5 42.Nf3 Qf6 43.h4 Ne4 44.Qc7 Qd8 45.Qc1 Qf6 46.Qc7 Qd8 47.Qc1 Qf6 
48.Qf4 Red8 49.R1d3 b5 50.g3 b4 51.Ng5+ Nxg5 52.hxg5 Qf7 53.Rxb4 Rxd5 54.
Qc4 Kg8 55.Rxd5 1/2-1/2

[Event "4th EUR-ch"]
[Site "Istanbul TUR"]
[Date "2003.06.12"]
[Round "12.84"]
[White "Brynell, Stellan"]
[Black "Palo, Davor"]
[Result "0-1"]
[WhiteElo "2534"]
[BlackElo "2472"]
[EventDate "2003.05.30"]
[PlyCount "48"]

1.e4 c6 2.c4 d5 3.exd5 cxd5 4.cxd5 Nf6 5.Nc3 Nxd5 6.Nf3 e6 7.Bc4 Be7 8.O-O
O-O 9.d4 Nc6 10.Re1 Bf6 11.Ne4 b6 12.Nxf6+ Nxf6 13.Bg5 Bb7 14.a3 Rc8 15.
Ba2 h6 16.Bh4 Ne7 17.Bxf6 gxf6 18.Nh4 f5 19.Qh5 Qxd4 20.Qxh6 Qg7 21.Qh5 
Qg4 22.Qh6 Ng6 23.g3 Nxh4 24.Qxh4 Qf3 0-1

[Event "4th EUR-ch"]
[Site "Istanbul TUR"]
[Date "2003.06.12"]
[Round "12.86"]
[White "Georgiev, Krum"]
[Black "Yagupov, Igor"]
[Result "1/2-1/2"]
[WhiteElo "2516"]
[BlackElo "2454"]
[EventDate "2003.05.30"]
[PlyCount "127"]

1.e4 c5 2.Nf3 Nc6 3.Bb5 g6 4.c3 Nf6 5.e5 Nd5 6.d4 cxd4 7.Qb3 Nc7 8.Bc4 d5 
9.exd6 Ne6 10.cxd4 Qxd6 11.d5 Ned4 12.Nxd4 Nxd4 13.Qd1 Qb4+ 14.Nd2 Bg7 15.
O-O O-O 16.a3 Qc5 17.Ba2 Qc2 18.a4 Bf5 19.Bb1 Qxc1 20.Qxc1 Ne2+ 21.Kh1 
Nxc1 22.Bxf5 gxf5 23.Raxc1 Bxb2 24.Rc7 Bf6 25.Rxb7 Rfd8 26.Nc4 Rxd5 27.Ne3
Ra5 28.Rd1 e6 29.Rdd7 Rxa4 30.g3 Rf8 31.Rxa7 Rxa7 32.Rxa7 Rb8 33.Ra2 Bd4 
34.Nf1 Kg7 35.Kg2 Rb4 36.h3 Bb6 37.Nh2 f4 38.gxf4 Rxf4 39.Nf3 Rb4 40.Re2 
Rb5 41.Ne5 Bc7 42.Nf3 Rc5 43.Nd4 Kf6 44.Nf3 Rc4 45.Rb2 Rc5 46.Nd2 Kf5 47.
Nf3 e5 48.Re2 Kf4 49.Ne1 Rc3 50.Nc2 e4 51.Ne3 Ke5 52.Ng4+ Kf5 53.Ne3+ Ke5 
54.Ng4+ Kf5 55.Ne3+ Ke6 56.Nd1 Rc4 57.f3 f5 58.fxe4 f4 59.Kf3 Rb4 60.Rb2 
Ra4 61.Rb3 Ra1 62.Nf2 Rg1 63.Nd3 Rg3+ 64.Kf2 1/2-1/2

[Event "4th EUR-ch"]
[Site "Istanbul TUR"]
[Date "2003.06.12"]
[Round "12.87"]
[White "Jenni, Florian"]
[Black "Kilicaslan, Hasan"]
[Result "1-0"]
[WhiteElo "2516"]
[BlackElo "2260"]
[EventDate "2003.05.30"]
[PlyCount "97"]

1.e4 d6 2.d4 Nf6 3.Nc3 g6 4.Be3 c6 5.h3 Qa5 6.Qd2 Bg7 7.f4 O-O 8.Nf3 b5 9.
Bd3 b4 10.Ne2 c5 11.dxc5 Bb7 12.cxd6 Nxe4 13.Bxe4 Bxe4 14.O-O exd6 15.Bd4 
Nc6 16.Bxg7 Kxg7 17.Ng5 Bf5 18.Rf2 Rae8 19.Ng3 h6 20.Nf3 Qc5 21.Rd1 Rc8 
22.Qxd6 Ne7 23.Qxc5 Rxc5 24.Nxf5+ Nxf5 25.Rd7 Ra5 26.g4 Ne3 27.Re2 Rd5 28.
Rxa7 Rd1+ 29.Re1 Rfd8 30.Rxd1 Rxd1+ 31.Kf2 Nxc2 32.Rc7 Na1 33.Ne5 Rd2+ 34.
Kf3 Rxb2 35.Rxf7+ Kg8 36.Ra7 b3 37.axb3 Rxb3+ 38.Ke4 Nc2 39.Nxg6 Re3+ 40.
Kd5 Rxh3 41.Ke6 Rb3 42.Ne7+ Kf8 43.Ra8+ Kg7 44.Nf5+ Kh7 45.Ra7+ Kh8 46.Kf7
Rb4 47.Nxh6 Kh7 48.Ng8 Rxf4+ 49.Nf6+ 1-0

[Event "4th EUR-ch"]
[Site "Istanbul TUR"]
[Date "2003.06.12"]
[Round "12.89"]
[White "Nyysti, Sampsa"]
[Black "Ivanisevic, Ivan"]
[Result "0-1"]
[WhiteElo "2429"]
[BlackElo "2569"]
[EventDate "2003.05.30"]
[PlyCount "106"]

1.e4 c5 2.Nf3 Nc6 3.d4 cxd4 4.Nxd4 Qc7 5.Nc3 e6 6.Be3 a6 7.Qd2 Nf6 8.O-O-O
Bb4 9.f3 Ne5 10.Nb3 b5 11.Bd4 Bb7 12.Qg5 Ng6 13.Bc5 Bxc5 14.Qxc5 Qxc5 15.
Nxc5 Bc6 16.a4 bxa4 17.N5xa4 Ke7 18.b3 Rhb8 19.Kb2 a5 20.Rd2 h5 21.Bd3 Ne5
22.h4 Ra7 23.Re1 Rb4 24.Na2 Rb8 25.N2c3 d6 26.Bf1 Rd7 27.Ka3 Rc7 28.Nb2 
Be8 29.Nc4 Nfd7 30.Na4 Nxc4+ 31.Bxc4 Ne5 32.Be2 Bxa4 33.Kxa4 Rb4+ 34.Ka3 
Rb6 35.f4 Ng6 36.g3 a4 37.bxa4 Rc3+ 38.Ka2 Rxg3 39.Bb5 Nxf4 40.c4 Rd3 41.
Rb2 Rd4 42.a5 Rb7 43.Kb1 Ra7 44.Ra2 e5 45.Kc2 Nd3 46.Rb1 Nc5 47.Bc6 Rxc4+ 
48.Kd1 Kd8 49.Bd5 Rd4+ 50.Ke2 Nxe4 51.Bxe4 Rxe4+ 52.Kd3 Rd4+ 53.Ke3 Rc4 
0-1

[Event "4th EUR-ch"]
[Site "Istanbul TUR"]
[Date "2003.06.12"]
[Round "12.90"]
[White "Asmundsson, Ingvar"]
[Black "San Segundo Carrillo, Pablo"]
[Result "1-0"]
[WhiteElo "2327"]
[BlackElo "2515"]
[EventDate "2003.05.30"]
[PlyCount "101"]

1.e4 c5 2.Nf3 Nc6 3.Bb5 g6 4.O-O Bg7 5.Re1 Nf6 6.Nc3 O-O 7.e5 Ne8 8.Bxc6 
dxc6 9.h3 Nc7 10.b3 Ne6 11.Bb2 Qc7 12.Ne4 h6 13.Qe2 b6 14.Qe3 Bd7 15.c3 f5
16.exf6 exf6 17.d4 Rfe8 18.dxc5 Nxc5 19.Qd4 Nxe4 20.Rxe4 f5 21.Qc4+ Kh7 
22.Rh4 Rf8 23.Ng5+ Kh8 24.Rxh6+ Bxh6 25.Qh4 Kg7 26.c4+ Rf6 27.Bxf6+ Kxf6 
28.Ne6+ Kxe6 29.Re1+ Qe5 30.Rxe5+ Kxe5 31.Qxh6 Be8 32.Qg7+ Ke6 33.Qb7 Rd8 
34.Qxa7 b5 35.Qe3+ Kf7 36.a4 bxa4 37.bxa4 Ra8 38.Qb3 Ra7 39.c5+ Ke7 40.Qb4
Bd7 41.a5 Ra6 42.h4 Bc8 43.Qd2 Be6 44.Qd6+ Kf7 45.Qc7+ Kf6 46.Qd8+ Kf7 47.
Kh2 Bd5 48.Kg3 f4+ 49.Kxf4 Bxg2 50.Ke5 Kg7 51.Qc7+ 1-0

[Event "4th EUR-ch"]
[Site "Istanbul TUR"]
[Date "2003.06.12"]
[Round "12.91"]
[White "Karadeniz, Emre"]
[Black "Cherniaev, Alexander"]
[Result "1-0"]
[WhiteElo "2308"]
[BlackElo "2501"]
[EventDate "2003.05.30"]
[PlyCount "67"]

1.d4 Nf6 2.Bg5 e6 3.e4 c5 4.d5 h6 5.Bxf6 Qxf6 6.Nc3 d6 7.Nf3 e5 8.Be2 g6 
9.Nd2 h5 10.Nc4 Nd7 11.Nb5 Kd8 12.O-O a6 13.Nc3 b6 14.Rb1 Bh6 15.b4 b5 16.
Na5 cxb4 17.Rxb4 Nc5 18.a4 bxa4 19.Nxa4 Nxa4 20.Rxa4 Ke7 21.Qa1 Kf8 22.Nc6
Kg7 23.Bxa6 Bg4 24.Rb1 Qg5 25.Qa3 Qd2 26.Qxd6 Qxc2 27.Rba1 Bg5 28.h3 Bh4 
29.R4a2 Bxf2+ 30.Kh2 Qc5 31.Qxe5+ Kg8 32.Ne7+ Kh7 33.Rf1 Rhe8 34.Raxf2 1-0

[Event "4th EUR-ch"]
[Site "Istanbul TUR"]
[Date "2003.06.12"]
[Round "12.93"]
[White "Erdogdu, Mert"]
[Black "Dzhakaev, Dzhakay"]
[Result "1/2-1/2"]
[WhiteElo "2303"]
[BlackElo "2465"]
[EventDate "2003.05.30"]
[PlyCount "84"]

1.e4 e6 2.d4 d5 3.Nc3 Nf6 4.Bg5 Be7 5.e5 Nfd7 6.Bxe7 Qxe7 7.f4 a6 8.Nf3 c5
9.Qd2 Nc6 10.dxc5 O-O 11.O-O-O Nxc5 12.h4 b5 13.Rh3 b4 14.Ne2 a5 15.Ned4 
Nxd4 16.Nxd4 Ba6 17.f5 Ne4 18.Qf4 Rfe8 19.Bxa6 Rxa6 20.fxe6 fxe6 21.Rf1 h6
22.Rhf3 a4 23.Qg4 Rc8 24.Qg6 Qxh4 25.Nxe6 Qg5+ 26.Qxg5 hxg5 27.Rf8+ Rxf8 
28.Rxf8+ Kh7 29.Nc7 Rh6 30.Rf1 b3 31.axb3 Rc6 32.Nxd5 axb3 33.Rh1+ Rh6 34.
Rxh6+ gxh6 35.cxb3 h5 36.Kd1 Kg6 37.Ne3 Kf7 38.b4 Ke6 39.Nc4 h4 40.Ke2 g4 
41.b5 Kd5 42.b6 Nc5 1/2-1/2